000 02031nam0a2200433 4500
001 RU\NLR\BIBL_A\012386012
005 20201102141936.0
010 _a978-5-85803-543-5
_9500
021 _aRU
_bКН-П-20-038466
_9КН-П-20-2913
035 _a(NLR Aleph) 012386012
035 _a(RuMoRGB)010371761
090 _a11651855
_c11651855
100 _a20201022d2020 k y0rusy50 ca
101 0 _arus
102 _aRU
105 _ac|||z|||000zd
181 0 _ai
_baxxe
182 0 _an
200 1 _aПятигорский: синопсис философского пути
_dPiatigorsky: synopsis of the philosophical way
_fД.А. Кораблин
_g[при участии и поддержке Фонда Александра Пятигорского]
_zeng
203 _aТекст
_bвизуальный
_cнепосредственный
210 _aСанкт-Петербург
_cПетербургское Востоковедение
_d2020
215 _a290, [1] с., [1] л. портр.
_d21
300 _aАвт. также на англ. яз.: Denis Korablin
320 _aБиблиогр.: с. 260-276 и в подстроч. примеч.
320 _aБиблиогр. А.М. Пятигорского: с. 277-286
320 _aРаботы об А.М. Пятигорском: с. 286-291
510 1 _6z11790
_aPiatigorsky: synopsis of the philosophical way
_zeng
600 1 _aПятигорский
_bА.М.
_gАлександр Моисеевич
_f1929 - 2009
_xФилософские взгляды
_2nlr_sh2
_3RU\NLR\AUTH\6601586906
686 1 _aЮ3(2)7
686 1 _aЮ215.0
686 1 _aЭ35-100
700 1 _aКораблин
_bД. А.
_gДенис Александрович
702 1 _aПятигорский
_bА. М.
_f1929-2009
_gАлександр Моисеевич
_3RU\NLR\AUTH\7781164
_4570
790 1 _6z11510
_aKorablin
_bD. A.
_gDenis Aleksandrovič
942 _cBOOK
980 _aNBR
980 _aNB